000 00261pam a2200121 a 4500
020 _c
041 _aeng
100 _aAsquith Marget.
245 _aAutobiography
_hTextual Documents
260 _aNew York
_bPenguin Books Ltd
300 _a253p.
930 _a15231
999 _c92131
_d92131